| 000 | 00607nam a2200169 a 4500 | ||
|---|---|---|---|
| 001 | 000035097 | ||
| 005 | 20200930074113.0 | ||
| 008 | 111025s1975 enka 000 0 eng d | ||
| 020 | _a0521208564 | ||
| 040 |
_aDO-SdBNP _bspa _cBNPHU |
||
| 082 |
_axxx _bR658n |
||
| 100 | 1 |
_aRobinson, Ian, _d1944- _960765 |
|
| 245 | 1 | 0 |
_aThe new grammarians' funeral : _ba critique of Noam Chomsky's linguistics / _cIan Robinson. |
| 260 |
_aCambridge ; _aNew York : _bCambridge University Press, _c1975. |
||
| 300 |
_axiv, 189 p. : _bil. ; _c23 cm. |
||
| 590 | _aPerteneció a la biblioteca personal de Juan Isidro Jimenes Grullón | ||
| 999 |
_c34588 _d34588 |
||